1691 1010 1825 1297 1230 1707 1635 1504 1176 1119 1424 1414 1911 1077 1901 1459 1771 1232 1117 1414 1895 1248 1026 1140 1190 1260 1548 1567 1920 1052 1085 1411 1982 1451 1173 1448 1986 1599 1449 1215 1999 1253 1149 1004 1464 1889 1569 1405 1944 1650 1722 1185 1794 1720 1523 1881 1411 1068 1954 1629 1130 1968 1817 1249 1229 1878 1997 1659 1847 1032 1314 1892 1046 1285 1033 1418 1430 1864 1758 1008 1012 1938 1949 1800 1976 1166 1745 1014 1018 1792 1213 1216 1595 1892 1194 1339 1786 1216 1875 BCNSPRNW ULIB Ver.6.0+V

เปลี่ยนเป็นภาษาไทย

Change to English
 แสดงรายละเอียดบรรณานุกรม
  กลับหน้าหลัก

Brief Record : Get Marc (ISO 2709) : E-mail record : QR code < ปิดหน้าต่าง
LEADER : 00000nam 2200000uu 4500
001    13399127327
003     ULIB
008    200421s2562||||th 000 0 tha d
020    ^a9786168212226
060 04 ^aWY160.5^bส663ห
100 0  ^aสายสมร พุ่มพิศ
245 10 ^aหนังสือคู่มือการพยาบาลโรคพาร์กินสัน =^bParkinson s disease nursinghandbook /^cสายสมร พุ่มพิศ, กมลวรรณ บุญเพ็ง, รุ่งโรจน์ พิทยศิริ
246 31 ^aParkinson s disease nursing handbook
250    ^aพิมพ์ครั้งที่ 2
260    ^aกรุงเทพฯ :^bศูนย์ความเป็นเลิศทางการแพทย์โรคพาร์กินสันและกลุ่มโรคความเคลื่อนไหวผิดปกติ โรงพยาบาลจุฬาลงกรณ์ สภากาชาดไทย,^c2562
300    ^a240 หน้า :^bภาพประกอบสี ;^c26 ซม.
650  4 ^aโรคพาร์กินสัน
700 0  ^aกมลวรรณ บุญเพ็ง
700 0  ^aรุ่งโรจน์ พิทยศิริ
710 2  ^aศูนย์ความเป็นเลิศทางการแพทย์โรคพาร์กินสันและกลุ่มโรคความเคลื่อนไหวผิดปกติ.^bโรงพยาบาลจุฬาลงกรณ์.^bสภากาชาดไทย
945    ^p359^l0^i28156
945    ^p359^l0^i28157
945    ^p359^l0^i28158
945    ^p359^l0^i28159
945    ^p359^l0^i28160
999    ^aกัณชพร จุลอักษร
รายการนี้ยังไม่มีแท็ก
คุณยังไม่ได้ล็อกอิน คุณสามารถมีกิจกรรมร่วมกับเว็บไซต์ได้ แต่ต้องล็อกอินก่อน ::
  ล็อกอิน

รายการสื่อสารสนเทศ

ลำดับที่ ประเภท เลขเรียก/บาร์โค้ด สถานที่ สถานะ
1. หนังสือสำรอง
หนังสือสำรอง
WY160.5 ส663ห ฉ.1 
  Barcode: 28156
ห้องสมุดวิทยาเขตนครสวรรค์
►หนังสือทั่วไป:l:General Books
บนชั้น
2. วิทยาศาสตร์การแพทย์ และสุขภาพ
วิทยาศาสตร์การแพทย์ และสุขภาพ
WY160.5 ส663ห ฉ.2 
  Barcode: 28157
ห้องสมุดวิทยาเขตนครสวรรค์
►หนังสือทั่วไป:l:General Books
บนชั้น
3. วิทยาศาสตร์การแพทย์ และสุขภาพ
วิทยาศาสตร์การแพทย์ และสุขภาพ
WY160.5 ส663ห ฉ.3 
  Barcode: 28158
ห้องสมุดวิทยาเขตนครสวรรค์
►หนังสือทั่วไป:l:General Books
บนชั้น
4. วิทยาศาสตร์การแพทย์ และสุขภาพ
วิทยาศาสตร์การแพทย์ และสุขภาพ
WY160.5 ส663ห ฉ.4 
  Barcode: 28159
ห้องสมุดวิทยาเขตนครสวรรค์
►หนังสือทั่วไป:l:General Books
บนชั้น
5. วิทยาศาสตร์การแพทย์ และสุขภาพ
วิทยาศาสตร์การแพทย์ และสุขภาพ
WY160.5 ส663ห ฉ.5 
  Barcode: 28160
ห้องสมุดวิทยาเขตนครสวรรค์
►หนังสือทั่วไป:l:General Books
บนชั้น

รายการใกล้เคียง
    ผู้แต่ง [สายสมร พุ่มพิศ]

    หัวเรื่อง [โรคพาร์กินสัน]

BibComment


ยังไม่เคยถูกคอมเมนท์

คอมเมนท์ทรัพยากรรายการนี้
  คอมเมนท์: หนังสือคู่มือการ..


 Copyright 2026. Bcnsprnw @Library